Anjeli a svätí /
Enregistré dans:
| Autres auteurs: | |
|---|---|
| Format: | Livre |
| Langue: | slovaque |
| Publié: |
Bratislava :
Galéria Nedbalka
2016
|
| Édition: | 1. vydanie |
| Sujets: | |
| Tags: |
Pas de tags, Soyez le premier à ajouter un tag!
|
MARC
| LEADER | 00000nam a22000003a 4500 | ||
|---|---|---|---|
| 001 | 0017898 | ||
| 003 | SK-STU | ||
| 005 | 20161013094946.9 | ||
| 007 | ta | ||
| 008 | 161013s ----xo-----e------100-0-----d | ||
| 020 | |a 978-80-89784-05-9 | ||
| 040 | |a STU |b slo | ||
| 041 | 0 | |a slo | |
| 044 | |a xo | ||
| 242 | 0 | 1 | |a Angels and Saints |
| 245 | 1 | 0 | |a Anjeli a svätí / |c ed. Dorota Sadovská |
| 250 | |a 1. vydanie | ||
| 260 | |a Bratislava : |b Galéria Nedbalka |c 2016 | ||
| 300 | |a 128 s. | ||
| 650 | 4 | |a akryl na plátne | |
| 650 | 4 | |a obrazy | |
| 650 | 4 | |a figurálna tvorba | |
| 650 | 4 | |a maľba | |
| 650 | 4 | |a painting | |
| 700 | 1 | |a Sadovská, Dorota |r Z5 |4 edt | |
| 996 | |b 284AU06815 |c A* 9891/U |l AAKNST |s P |a 0 |w 0017898_0001 | ||